| 000 | 00794nam a2200325Ia 4500 | ||
|---|---|---|---|
| 005 | 20251020182502.0 | ||
| 008 | 200515s9999 xx 000 0 und d | ||
| 020 | _a84-481-3998-4 | ||
| 082 | _a625.7/K79 | ||
| 100 | _aKraemer, Carlos | ||
| 100 | _aPardillo, José María | ||
| 100 | _aRocci, Sandro [et al.] | ||
| 245 | 0 | _aIngeniería de Carreteras. Volumen II | |
| 250 | _a1a ed. | ||
| 260 | _aMadrid | ||
| 260 | _bMcGraw-Hill | ||
| 260 | _c2004 | ||
| 300 | _a555 p. | ||
| 300 | _bil., tbl., graf. | ||
| 500 | _a1 ejemplar. Volumen II | ||
| 650 | _aCARRETERAS | ||
| 650 | _aCONSERVACION | ||
| 650 | _aDOTACIONES | ||
| 650 | _aINFRAESTRUCTURAS | ||
| 650 | _aPAVIMENTOS | ||
| 650 | _aREHABILITACION | ||
| 650 | _aSUPERESTRUCTURAS | ||
| 942 | _cLIB | ||
| 999 |
_c1183 _d1183 |
||